Quản trị sản xuất và tác nghiệp

Gardado en:
Detalles Bibliográficos
Autor Principal: Đặng Minh Trang
Formato: Libro
Idioma:Undetermined
Publicado: Hà Nội Thống kê 2003
Các nhãn: Engadir etiqueta
Sen Etiquetas, Sexa o primeiro en etiquetar este rexistro!
Thư viện lưu trữ: Trung tâm Học liệu Trường Đại học Cần Thơ
LEADER 00522nam a2200181Ia 4500
001 CTU_64628
008 210402s9999 xx 000 0 und d
020 |c 45000 
082 |a 658.5 
082 |b Tr106 
100 |a Đặng Minh Trang 
245 0 |a Quản trị sản xuất và tác nghiệp 
260 |a Hà Nội 
260 |b Thống kê 
260 |c 2003 
526 |a Quản trị sản xuất và tác nghiệp 
526 |b KT657 
980 |a Trung tâm Học liệu Trường Đại học Cần Thơ